00178nam a22000737a 4500020001800000100002000018245001300038260005300051 a9780689866876 aAndrew Clements aRoom one aNew YorkbAtheneum Books for Young Readersc2006